Countries Closest: Denmark Yes or No - Statistics

General Stats
  • This quiz has been taken 226 times
  • The average score is 14 of 20
Answer Stats
Question Answer % Correct
Ukraine Further away than that
100%
Belgium One of the 10 nearest
100%
Germany One of the 10 nearest
100%
Netherlands One of the 10 nearest
100%
Estonia Further away than that
83%
Finland Further away than that
83%
Slovakia Further away than that
83%
Czechia One of the 10 nearest
83%
Norway One of the 10 nearest
83%
Poland One of the 10 nearest
83%
Sweden One of the 10 nearest
83%
Belarus Further away than that
67%
France Further away than that
50%
Switzerland Further away than that
50%
Lithuania One of the 10 nearest
50%
Austria Further away than that
33%
Luxembourg Further away than that
33%
United Kingdom Further away than that
33%
Latvia One of the 10 nearest
33%
Russia One of the 10 nearest
17%
No matching quizzes found
Score Distribution
Percent of People with Each Score
Percentile by Number Answered
Your Score History
You have not taken this quiz